000 00604nam a2200241Ia 4500
003 OSt
005 20220924150325.0
006 a|||||r|||| 00| 0
007 ta
008 220923b |||||||| |||| 00| 0 tel d
020 _aal
024 _a332755
037 _cTextual
040 _aARTS
_cARTS
_btel
041 _2tel
_atel
082 _aO35,1M62x, M4
100 _aRao C.Eswara
_9221863
245 0 _aGurazada rachanalu
_bkavitala samputam
260 _c1984
650 _aTELUGU POETRY
942 _hO35,1M62x, M4
_cTEXL
_2CC
999 _c462964
_d462964